000 00524nam a22001817a 4500
005 20251108174747.0
008 250721s2009 xx 000 0 ara d
082 1 4 _a909/فهد
100 1 _aمحمد فهد، بدري
245 1 0 _aمحاضرات في الفكر والحضارة /
264 1 _aعمان :
_bدار المناهج،
_c2009.
300 _a298ص.
650 1 7 _aتاريخ العام
650 1 7 _aالحضارة
650 1 7 _aالحضارة الإسلامية
942 _2ddc
_cBK
999 _c117339
_d117339